[Event "Mitropa Online Cup Women 2021"]
[Site "Hybrid"]
[Date "2021.05.04"]
[Round "8.5"]
[White "Navrotescu, Andreea-Cristiana"]
[Black "Zimina, Olga"]
[Result "0-1"]
[WhiteElo "2247"]
[BlackElo "2354"]
[Annotator "TA"]
[PlyCount "80"]
[EventDate "2021.05.04"]
[EventType "team-tourn"]
[EventCountry "NET"]
[SourceTitle "playchess.com"]
[Source "ChessBase"]
[SourceQuality "1"]
[WhiteTeam "France"]
[BlackTeam "Italy"]
[WhiteTeamCountry "FRA"]
[BlackTeamCountry "ITA"]

{[%evp 16,80,0,0,21,-14,-9,-6,-6,-6,-6,-16,-5,-8,-3,-20,-7,-19,-18,-21,-20,-62,-49,-50,-50,-47,0,-4,-4,-14,-11,-19,0,-34,-11,-89,-86,-81,-88,-81,-39,-39,-34,-36,-39,-39,-39,-38,-29,-45,0,-11,-16,-9,0,0,62,68,49,23,141,0,0,0,0,-529,-516]} 1. d4 Nf6 2. c4 e6 3. Nc3 Bb4 4. e3 O-O 5. Nge2 d5 6. a3 Bd6 7. Ng3 c5 8. dxc5 Bxc5 9. b4 Be7 {E46: Nimzo-Indian: Rubinstein: 4 e3 0-0 5 Ne2 without early Bd3.} 10. Bb2 dxc4 11. Bxc4 Qxd1+ {The position is equal.} 12. Rxd1 Nbd7 13. Nge4 Nxe4 14. Nxe4 Nb6 15. Bb3 Bd7 16. O-O Bc6 17. Nc5 {[#]} a5 $146 ({Predecessor:} 17... Rfd8 18. Rxd8+ Rxd8 19. Bd4 Nd7 20. Nxd7 Bxd7 21. Rc1 a6 22. Bb6 Rc8 23. Rxc8+ Bxc8 {½-½ (36) Nisipeanu,L (2655)-Yilmaz,M (2630) Playchess.com INT 2020}) 18. e4 Bxc5 19. bxc5 Nd7 20. Bd4 Rfc8 21. Rfe1 a4 22. Ba2 Ra5 23. Rc1 e5 24. Be3 (24. Bc3 $5 {[%cal Rc3a5]} Rxc5 25. Bb4 Rxc1 26. Rxc1 $11) 24... Bxe4 25. Bd2 (25. f4 $11 {remains equal.}) 25... Raxc5 $17 26. Rxc5 Nxc5 27. f3 Bc2 28. Rxe5 Bb3 29. Bb1 f6 30. Re7 Rd8 31. Bb4 Na6 32. Bc3 b5 33. Kf2 Rc8 34. Bd2 b4 35. Ra7 Rc6 (35... Rd8 $11 36. Be3 bxa3 37. Rxa6 Rd1 38. Ra8+ Kf7 39. Ra7+ (39. Bxh7 a2 $17) 39... Kg8) 36. axb4 $14 Rd6 37. Ke3 {aiming for b5.} Rb6 (37... Bc4 $11) 38. Kd4 (38. b5 $16 Nc5 39. Ra5) 38... Rd6+ $11 39. Kc3 {[#] And now b5 would win.} Nxb4 40. Bf4 $2 {[%mdl 8192]} (40. Ra8+ $11 Kf7 41. Ra7+ Kg8 42. Ra8+ Kf7 43. Ra7+ Kg8) 40... Nd5+ {[%mdl 64] Double Attack.  Weighted Error Value: White=0.37/Black=0.18} 0-1

[Event "Mitropa Online Cup Women 2021"]
[Site "Hybrid"]
[Date "2021.05.04"]
[Round "8.5"]
[White "Thomas, Anysia"]
[Black "Gueci, Tea"]
[Result "0-1"]
[WhiteElo "2164"]
[BlackElo "2204"]
[Annotator "TA"]
[PlyCount "80"]
[EventDate "2021.05.04"]
[EventType "team-tourn"]
[EventCountry "NET"]
[SourceTitle "playchess.com"]
[Source "ChessBase"]
[SourceQuality "1"]
[WhiteTeam "France"]
[BlackTeam "Italy"]
[WhiteTeamCountry "FRA"]
[BlackTeamCountry "ITA"]

{[%evp 19,80,27,23,11,21,7,16,0,0,0,0,-28,-36,-18,-23,-49,-28,-65,-65,-68,-66,-70,-66,-172,-165,-166,-161,-273,-266,-278,-278,-263,-208,-407,-366,-552,-541,-549,-540,-593,-533,-558,-557,-668,-610,-791,-702,-1707,-1614,-1536,-1177,-1358,-1417,-1741,-1698,-12846,-9130,-12844,-10908,-6075,-12211,-5925,-5660]} 1. d4 Nf6 2. c4 c5 3. d5 e6 4. Nc3 exd5 5. cxd5 d6 6. g3 g6 7. Bg2 Bg7 8. Nf3 O-O 9. O-O Nbd7 10. Bf4 Qe7 11. Qd2 {11.a4 is a critical line. A62: Modern Benoni: Fianchetto Variation without early ...Nbd7.} Ng4 12. Rac1 a6 13. a4 {The position is equal.} Re8 {[#]} 14. Rfe1 $146 ({Predecessor:} 14. h3 Nge5 15. Nxe5 Nxe5 16. b3 f5 17. Rfe1 Bd7 18. a5 Rab8 19. Bxe5 Qxe5 20. e4 {0-1 (68) Ashworth,M (1884)-Surtees,M (2093) Bournemouth 2016}) 14... Rb8 15. a5 b5 16. axb6 Rxb6 17. Bh3 Nge5 18. Nxe5 Nxe5 19. Bxc8 Rxc8 20. Na4 Rbb8 21. b4 {White is on the road to losing.} (21. Rc2 $15) 21... Qd7 $19 ({Inferior is} 21... cxb4 22. Rxc8+ Rxc8 23. Qxb4 $11) ({And not} 21... Rxb4 22. Qxb4 cxb4 23. Rxc8+ Bf8 24. Bh6 $16) 22. Nxc5 dxc5 23. bxc5 (23. Rxc5 $142 Rd8 24. Ra1) 23... Rb5 24. Qe3 Qxd5 {[%cal Rb5c5]} 25. Red1 Qb3 26. Qd2 $2 (26. Qxb3 {was worth a try.} Rxb3 27. c6) 26... h5 27. Qd6 {[#]} (27. Bxe5 $142 Bxe5 28. c6) 27... Rbxc5 $3 {[%mdl 512] Black is clearly winning.} 28. Rxc5 Rxc5 29. Rf1 Rc6 30. Qd8+ Kh7 31. Qe8 Re6 32. Qc8 Nc6 33. Be3 Rxe3 34. Qxc6 Re6 35. Qc8 a5 {[%cal Ba6a5,Ba5a4][%mdl 32]} 36. Qc7 a4 37. Qxf7 Rxe2 38. Qa7 Rb2 39. Kg2 Qb7+ 40. Qxb7 Rxb7 {Weighted Error Value: White=0.69/Black=0.26} 0-1

[Event "Mitropa Online Cup Women 2021"]
[Site "Hybrid"]
[Date "2021.05.04"]
[Round "9.1"]
[White "Guichard, Pauline"]
[Black "Schneider, Jana"]
[Result "1/2-1/2"]
[WhiteElo "2415"]
[BlackElo "2296"]
[Annotator "NA"]
[PlyCount "79"]
[EventDate "2021.05.04"]
[EventType "team-tourn"]
[EventCountry "NET"]
[SourceTitle "playchess.com"]
[Source "ChessBase"]
[SourceQuality "1"]
[WhiteTeam "France"]
[BlackTeam "Germany"]
[WhiteTeamCountry "FRA"]
[BlackTeamCountry "GER"]
[TimeControl "40/5400+30:1800+30"]

1. d4 {[%emt 0:00:00]} d5 {[%emt 0:00:10]} 2. Nf3 {[%emt 0:00:15]} Nf6 {[%emt 0:00:09]} 3. Bf4 {[%emt 0:00:10]} e6 {[%emt 0:00:17]} 4. Nbd2 {[%emt 0:00:10]} Bd6 {[%emt 0:00:36]} 5. Bg5 {[%emt 0:00:09]} O-O {[%emt 0:12:23]} 6. e4 {[%emt 0:00:44]} dxe4 {[%emt 0:00:48]} 7. Nxe4 {[%emt 0:00:09]} Be7 {[%emt 0:00:12]} 8. Bxf6 {[%emt 0:00:44]} Bxf6 {[%emt 0:00:10]} 9. Qd3 {[%emt 0:00:17]} Be7 {[%emt 0:10:25]} 10. O-O-O {[%emt 0:01:24]} Na6 {[%emt 0:09:59]} 11. Kb1 {[%emt 0:13:14]} c5 {[%emt 0:04:18]} 12. h4 {[%emt 0:11:38]} Nb4 {[%emt 0:03:07]} 13. Qd2 {[%emt 0:01:16]} cxd4 {[%emt 0:01:19]} 14. Nxd4 {[%emt 0:07:08]} e5 {[%emt 0:03:39]} 15. Nb5 {[%emt 0:03:36]} Bf5 {[%emt 0:04:56]} 16. Nbc3 {[%emt 0:01:09]} Qxd2 {[%emt 0:16:24]} 17. Rxd2 {[%emt 0:00:15]} Rfd8 {[%emt 0:00:20]} 18. Rxd8+ {[%emt 0:03:13]} Rxd8 {[%emt 0:00:09]} 19. Be2 {[%emt 0:00:43]} Nd5 {[%emt 0:10:54]} 20. Nxd5 {[%emt 0:07:29]} Rxd5 {[%emt 0:00:06]} 21. Ng3 {[%emt 0:00:13]} Be6 {[%emt 0:02:51]} 22. Bc4 {[%emt 0:06:53]} Rd2 {[%emt 0:01:05]} 23. Ne4 {[%emt 0:13:18]} Rd4 {[%emt 0:00:12]} 24. Bxe6 {[%emt 0:00:14]} Rxe4 {[%emt 0:00:20]} 25. Bd5 {[%emt 0:03:21]} Re2 {[%emt 0:00:13]} 26. Bxb7 {[%emt 0:02:30]} Rxf2 {[%emt 0:00:15]} 27. Kc1 {[%emt 0:10:49]} f5 {[%emt 0:00:26]} 28. Rd1 {[%emt 0:05:44]} Bxh4 {[%emt 0:01:06]} 29. Rd7 {[%emt 0:00:28]} Bg5+ {[%emt 0:02:02]} 30. Kd1 {[%emt 0:00:21]} h5 {[%emt 0:03:49]} 31. c4 {[%emt 0:03:45]} Rxb2 {[%emt 0:02:59]} 32. c5 {[%emt 0:00:10]} Rb1+ {[%emt 0:04:43]} 33. Ke2 {[%emt 0:00:13]} Rb2+ {[%emt 0:00:32]} 34. Kd1 {[%emt 0:00:17]} e4 {[%emt 0:04:33]} 35. c6 {[%emt 0:00:12]} Bf4 {[%emt 0:00:15]} 36. c7 {[%emt 0:01:31]} Rb1+ {[%emt 0:00:59]} 37. Ke2 {[%emt 0:00:19]} Rb2+ {[%emt 0:00:05]} 38. Kd1 {[%emt 0:00:18]} Rb1+ {[%emt 0:01:30]} 39. Ke2 {[%emt 0:00:11]} Rb2+ {[%emt 0:00:06]} 40. Kd1 {[%emt 0:00:00]} 1/2-1/2

[Event "Mitropa Online Cup Women 2021"]
[Site "Hybrid"]
[Date "2021.05.04"]
[Round "9.1"]
[White "Klek, Hanna Marie"]
[Black "Navrotescu, Andreea"]
[Result "1/2-1/2"]
[WhiteElo "2302"]
[BlackElo "2247"]
[Annotator "NA"]
[PlyCount "118"]
[EventDate "2021.05.04"]
[EventType "team-tourn"]
[EventCountry "NET"]
[SourceTitle "playchess.com"]
[Source "ChessBase"]
[SourceQuality "1"]
[WhiteTeam "GER"]
[BlackTeam "FRA"]
[WhiteTeamCountry "GER"]
[TimeControl "40/5400+30:1800+30"]

1. e4 {[%emt 0:00:00]} c5 {[%emt 0:00:07]} 2. Nf3 {[%emt 0:00:06]} d6 {[%emt 0:00:06]} 3. d4 {[%emt 0:00:06]} cxd4 {[%emt 0:00:03]} 4. Nxd4 {[%emt 0:00:04]} Nf6 {[%emt 0:00:06]} 5. Nc3 {[%emt 0:00:06]} g6 {[%emt 0:00:04]} 6. Bd3 {[%emt 0:03:45]} Bg7 {[%emt 0:01:43]} 7. O-O {[%emt 0:00:37]} Nc6 {[%emt 0:00:58]} 8. Nde2 {[%emt 0:00:25]} O-O {[%emt 0:00:45]} 9. Nd5 {[%emt 0:07:24]} Ne5 {[%emt 0:03:59]} 10. Ng3 {[%emt 0:01:42]} Be6 {[%emt 0:03:57]} 11. f4 {[%emt 0:08:48]} Nxd3 {[%emt 0:02:22]} 12. Nxf6+ {[%emt 0:05:03]} Bxf6 {[%emt 0:00:56]} 13. cxd3 {[%emt 0:03:26]} Qb6+ {[%emt 0:06:25]} 14. Kh1 {[%emt 0:00:14]} Rfc8 {[%emt 0:02:35]} 15. f5 {[%emt 0:10:29]} Bd7 {[%emt 0:00:18]} 16. Rb1 {[%emt 0:04:21]} Qa6 {[%emt 0:01:11]} 17. a3 {[%emt 0:03:38]} Ba4 {[%emt 0:02:01]} 18. b3 {[%emt 0:02:06]} Bb5 {[%emt 0:00:06]} 19. Rf3 {[%emt 0:00:08]} Rc3 {[%emt 0:02:32]} 20. Bb2 {[%emt 0:12:31]} Rxd3 {[%emt 0:00:51]} 21. Qc1 {[%emt 0:00:50]} Qc6 {[%emt 0:12:13]} 22. Bxf6 {[%emt 0:09:20]} Qxc1+ {[%emt 0:03:28]} 23. Rxc1 {[%emt 0:00:05]} Rxf3 {[%emt 0:00:13]} 24. gxf3 {[%emt 0:00:24]} exf6 {[%emt 0:00:07]} 25. Rc7 {[%emt 0:00:18]} Bc6 {[%emt 0:01:50]} 26. b4 {[%emt 0:03:00]} a6 {[%emt 0:00:30]} 27. fxg6 {[%emt 0:03:18]} hxg6 {[%emt 0:01:05]} 28. Ne2 {[%emt 0:00:41]} Rb8 {[%emt 0:13:27]} 29. Nd4 {[%emt 0:02:42]} Be8 {[%emt 0:00:49]} 30. Nb3 {[%emt 0:02:17]} Bb5 {[%emt 0:06:10]} 31. Na5 {[%emt 0:02:29]} b6 {[%emt 0:00:07]} 32. Nb7 {[%emt 0:00:23]} Bc4 {[%emt 0:06:43]} 33. Rxc4 {[%emt 0:03:19]} Rxb7 {[%emt 0:00:05]} 34. Rc6 {[%emt 0:00:11]} Kf8 {[%emt 0:00:11]} 35. Rxd6 {[%emt 0:00:22]} Ke7 {[%emt 0:00:04]} 36. Rc6 {[%emt 0:00:26]} a5 {[%emt 0:08:10]} 37. Kg2 {[%emt 0:00:57]} a4 {[%emt 0:03:46]} 38. Kf2 {[%emt 0:03:42]} Rd7 {[%emt 0:00:13]} 39. Ke2 {[%emt 0:01:30]} Rd6 {[%emt 0:03:05]} 40. Rc7+ {[%emt 0:00:00]} Rd7 {[%emt 0:00:00]} 41. Rc6 {[%emt 0:15:57]} Rd6 {[%emt 0:02:50]} 42. Rc8 {[%emt 0:00:10]} f5 {[%emt 0:07:51]} 43. exf5 {[%emt 0:04:19]} gxf5 {[%emt 0:00:16]} 44. Ke3 {[%emt 0:01:17]} Rh6 {[%emt 0:03:21]} 45. Rc2 {[%emt 0:07:20]} Rh4 {[%emt 0:01:05]} 46. Rd2 {[%emt 0:03:30]} Ke6 {[%emt 0:02:01]} 47. b5 {[%emt 0:01:09]} Ke5 {[%emt 0:02:39]} 48. f4+ {[%emt 0:03:05]} Ke6 {[%emt 0:00:10]} 49. Rc2 {[%emt 0:00:26]} Kd5 {[%emt 0:00:37]} 50. Rc6 {[%emt 0:00:24]} Rh3+ {[%emt 0:00:18]} 51. Kf2 {[%emt 0:00:13]} Rxh2+ {[%emt 0:00:23]} 52. Kg3 {[%emt 0:00:29]} Ra2 {[%emt 0:00:11]} 53. Kh4 {[%emt 0:00:58]} Rxa3 {[%emt 0:01:42]} 54. Kg5 {[%emt 0:00:42]} Rb3 {[%emt 0:06:13]} 55. Rxb6 {[%emt 0:00:07]} Ke4 {[%emt 0:00:10]} 56. Ra6 {[%emt 0:01:31]} Rb4 {[%emt 0:01:59]} 57. b6 {[%emt 0:01:58]} f6+ {[%emt 0:00:25]} 58. Kxf6 {[%emt 0:00:06]} Kxf4 {[%emt 0:00:05]} 59. b7 {[%emt 0:00:16]} Rxb7 {[%emt 0:00:31]} 1/2-1/2

[Event "Mitropa Online Cup Women 2021"]
[Site "Hybrid"]
[Date "2021.05.04"]
[Round "9.1"]
[White "Lubbe, Melanie"]
[Black "Afraoui, Anaelle"]
[Result "1-0"]
[WhiteElo "2278"]
[BlackElo "2106"]
[Annotator "NA"]
[PlyCount "81"]
[EventDate "2021.05.04"]
[EventType "team-tourn"]
[EventCountry "NET"]
[SourceTitle "playchess.com"]
[Source "ChessBase"]
[SourceQuality "1"]
[WhiteTeam "Germany"]
[BlackTeam "France"]
[WhiteTeamCountry "GER"]
[BlackTeamCountry "FRA"]
[TimeControl "40/5400+30:1800+30"]

1. e4 {[%emt 0:00:00]} d6 {[%emt 0:00:24]} 2. d4 {[%emt 0:00:12]} Nf6 {[%emt 0:00:13]} 3. Nc3 {[%emt 0:00:17]} g6 {[%emt 0:00:16]} 4. h3 {[%emt 0:00:24]} c6 {[%emt 0:06:18]} 5. g4 {[%emt 0:01:07]} b5 {[%emt 0:02:10]} 6. Bg2 {[%emt 0:03:08]} b4 {[%emt 0:01:27]} 7. Nce2 {[%emt 0:02:28]} h5 {[%emt 0:02:06]} 8. g5 {[%emt 0:02:30]} Nfd7 {[%emt 0:00:12]} 9. f4 {[%emt 0:00:56]} Bg7 {[%emt 0:00:58]} 10. Nf3 {[%emt 0:06:33]} O-O {[%emt 0:02:13]} 11. f5 {[%emt 0:05:47]} Ba6 {[%emt 0:13:45]} 12. fxg6 {[%emt 0:07:59]} fxg6 {[%emt 0:01:21]} 13. Nf4 {[%emt 0:00:43]} Rxf4 {[%emt 0:06:43]} 14. Bxf4 {[%emt 0:00:09]} Qa5 {[%emt 0:02:01]} 15. Kf2 {[%emt 0:16:39]} Nb6 {[%emt 0:12:54]} 16. e5 {[%emt 0:15:11]} N8d7 {[%emt 0:03:22]} 17. exd6 {[%emt 0:02:04]} exd6 {[%emt 0:03:07]} 18. Re1 {[%emt 0:01:16]} Qf5 {[%emt 0:05:14]} 19. Kg3 {[%emt 0:04:48]} Nc4 {[%emt 0:14:05]} 20. Nh4 {[%emt 0:04:16]} Qf7 {[%emt 0:03:38]} 21. Bxc6 {[%emt 0:02:40]} Rf8 {[%emt 0:02:09]} 22. Qf3 {[%emt 0:01:55]} Ndb6 {[%emt 0:02:22]} 23. Be4 {[%emt 0:02:43]} Bxd4 {[%emt 0:02:16]} 24. Nxg6 {[%emt 0:02:27]} Ne5 {[%emt 0:00:30]} 25. Bxe5 {[%emt 0:04:49]} Bxe5+ {[%emt 0:02:13]} 26. Kg2 {[%emt 0:01:32]} Qxf3+ {[%emt 0:01:54]} 27. Bxf3 {[%emt 0:00:05]} Rxf3 {[%emt 0:04:30]} 28. Kxf3 {[%emt 0:00:40]} Bxb2 {[%emt 0:01:11]} 29. Rad1 {[%emt 0:00:29]} Nc4 {[%emt 0:01:03]} 30. Re7 {[%emt 0:01:35]} Bb5 {[%emt 0:00:59]} 31. Rxa7 {[%emt 0:00:56]} Bc3 {[%emt 0:01:00]} 32. Ne7+ {[%emt 0:03:25]} Kf8 {[%emt 0:00:51]} 33. Nf5 {[%emt 0:02:24]} Bc6+ {[%emt 0:01:43]} 34. Kf2 {[%emt 0:00:43]} Bd2 {[%emt 0:00:28]} 35. g6 {[%emt 0:01:11]} Be4 {[%emt 0:00:48]} 36. Rxd2 {[%emt 0:01:14]} Bxf5 {[%emt 0:00:31]} 37. Rd4 {[%emt 0:01:03]} Be6 {[%emt 0:00:12]} 38. g7+ {[%emt 0:00:37]} Kg8 {[%emt 0:00:53]} 39. Rf4 {[%emt 0:00:20]} Kh7 {[%emt 0:00:21]} 40. Rf8 {[%emt 0:00:00]} Bg8 {[%emt 0:00:00]} 41. Raa8 {[%emt 0:01:23]} 1-0

[Event "Mitropa Online Cup Women 2021"]
[Site "Hybrid"]
[Date "2021.05.04"]
[Round "9.1"]
[White "Thomas, Anysia"]
[Black "Muetsch, Annmarie"]
[Result "1/2-1/2"]
[WhiteElo "2164"]
[BlackElo "2271"]
[Annotator "NA"]
[PlyCount "43"]
[EventDate "2021.05.04"]
[EventType "team-tourn"]
[EventCountry "NET"]
[SourceTitle "playchess.com"]
[Source "ChessBase"]
[SourceQuality "1"]
[WhiteTeam "France"]
[BlackTeam "Germany"]
[WhiteTeamCountry "FRA"]
[BlackTeamCountry "GER"]
[TimeControl "40/5400+30:1800+30"]

1. d4 {[%emt 0:00:00]} Nf6 {[%emt 0:00:08]} 2. c4 {[%emt 0:00:10]} g6 {[%emt 0:00:07]} 3. Nc3 {[%emt 0:00:13]} Bg7 {[%emt 0:00:07]} 4. e4 {[%emt 0:00:17]} d6 {[%emt 0:00:07]} 5. Nf3 {[%emt 0:00:11]} O-O {[%emt 0:00:14]} 6. Be2 {[%emt 0:00:27]} Na6 {[%emt 0:00:56]} 7. O-O {[%emt 0:00:42]} e5 {[%emt 0:00:08]} 8. Be3 {[%emt 0:00:27]} c6 {[%emt 0:00:57]} 9. Re1 {[%emt 0:00:21]} Ng4 {[%emt 0:05:08]} 10. Bg5 {[%emt 0:00:23]} Qc7 {[%emt 0:00:17]} 11. d5 {[%emt 0:01:28]} f5 {[%emt 0:13:54]} 12. exf5 {[%emt 0:02:47]} Bxf5 {[%emt 0:00:19]} 13. h3 {[%emt 0:14:20]} Nf6 {[%emt 0:07:22]} 14. Be3 {[%emt 0:07:29]} c5 {[%emt 0:11:16]} 15. a3 {[%emt 0:04:15]} Rae8 {[%emt 0:02:59]} 16. Nb5 {[%emt 0:06:05]} Qb8 {[%emt 0:02:06]} 17. b4 {[%emt 0:16:35]} Bd7 {[%emt 0:07:53]} 18. Rb1 {[%emt 0:04:00]} Nh5 {[%emt 0:02:16]} 19. Ng5 {[%emt 0:06:16]} Nf6 {[%emt 0:06:51]} 20. Nf3 {[%emt 0:08:23]} Nh5 {[%emt 0:04:03]} 21. Nd2 {[%emt 0:13:24]} Nf6 {[%emt 0:05:35]} 22. Nf3 {[%emt 0:01:57]} 1/2-1/2

[Event "Mitropa Online Cup Women 2021"]
[Site "Hybrid"]
[Date "2021.05.04"]
[Round "9.2"]
[White "Gueci, Tea"]
[Black "Froewis, Annika"]
[Result "1-0"]
[WhiteElo "2204"]
[BlackElo "2143"]
[Annotator "NA"]
[PlyCount "75"]
[EventDate "2021.05.04"]
[EventType "team-tourn"]
[EventCountry "NET"]
[SourceTitle "playchess.com"]
[Source "ChessBase"]
[SourceQuality "1"]
[WhiteTeam "Italy"]
[BlackTeam "Austria"]
[WhiteTeamCountry "ITA"]
[BlackTeamCountry "AUT"]
[TimeControl "40/5400+30:1800+30"]

1. e4 {[%emt 0:00:00]} e5 {[%emt 0:00:05]} 2. Nf3 {[%emt 0:00:03]} Nc6 {[%emt 0:00:03]} 3. Bc4 {[%emt 0:00:04]} Bc5 {[%emt 0:00:10]} 4. c3 {[%emt 0:00:08]} Nf6 {[%emt 0:00:03]} 5. d4 {[%emt 0:00:07]} exd4 {[%emt 0:00:22]} 6. e5 {[%emt 0:00:02]} d5 {[%emt 0:01:35]} 7. Bb5 {[%emt 0:00:10]} Ne4 {[%emt 0:00:17]} 8. cxd4 {[%emt 0:00:06]} Bb6 {[%emt 0:03:42]} 9. Nc3 {[%emt 0:01:29]} O-O {[%emt 0:02:59]} 10. O-O {[%emt 0:08:58]} Bg4 {[%emt 0:13:12]} 11. Be3 {[%emt 0:08:33]} Nxc3 {[%emt 0:07:56]} 12. bxc3 {[%emt 0:00:18]} f6 {[%emt 0:05:28]} 13. exf6 {[%emt 0:03:01]} Qxf6 {[%emt 0:01:02]} 14. Be2 {[%emt 0:01:29]} Bxf3 {[%emt 0:06:09]} 15. Bxf3 {[%emt 0:01:56]} Ne7 {[%emt 0:00:14]} 16. Qd2 {[%emt 0:04:41]} h6 {[%emt 0:05:30]} 17. Bd1 {[%emt 0:04:17]} Nf5 {[%emt 0:03:45]} 18. Bc2 {[%emt 0:05:09]} c6 {[%emt 0:08:35]} 19. g3 {[%emt 0:03:19]} Bc7 {[%emt 0:05:48]} 20. Qd3 {[%emt 0:06:25]} Rae8 {[%emt 0:03:34]} 21. Rae1 {[%emt 0:02:01]} Qg6 {[%emt 0:04:41]} 22. Bc1 {[%emt 0:09:33]} Re6 {[%emt 0:05:02]} 23. Ba3 {[%emt 0:02:13]} Rf7 {[%emt 0:00:56]} 24. Rxe6 {[%emt 0:05:45]} Qxe6 {[%emt 0:00:20]} 25. g4 {[%emt 0:02:15]} Qg6 {[%emt 0:01:15]} 26. Qe2 {[%emt 0:04:41]} Rf6 {[%emt 0:11:14]} 27. Kh1 {[%emt 0:10:35]} Re6 {[%emt 0:05:32]} 28. gxf5 {[%emt 0:00:14]} Rxe2 {[%emt 0:00:33]} 29. fxg6 {[%emt 0:00:04]} b6 {[%emt 0:03:19]} 30. Bd3 {[%emt 0:02:29]} Re6 {[%emt 0:00:24]} 31. Kg2 {[%emt 0:01:19]} Bd6 {[%emt 0:00:06]} 32. Bxd6 {[%emt 0:01:15]} Rxd6 {[%emt 0:00:04]} 33. Re1 {[%emt 0:00:18]} Kf8 {[%emt 0:00:28]} 34. f4 {[%emt 0:00:23]} Rf6 {[%emt 0:01:23]} 35. f5 {[%emt 0:00:22]} b5 {[%emt 0:00:48]} 36. Kg3 {[%emt 0:02:01]} a6 {[%emt 0:00:05]} 37. Kf4 {[%emt 0:00:39]} c5 {[%emt 0:00:42]} 38. Re6 {[%emt 0:01:54]} 1-0